Normal view MARC view

Entry Término temático

Number of records used in: 4

001 - NÚMERO DE CONTROL

  • campo de control: 31239

003 - IDENTIFICADOR DEL NÚMERO DE CONTROL

  • campo de control: FranzMayer

005 - FECHA Y HORA DE LA ÚLTIMA TRANSACCIÓN

  • campo de control: 20260530113851.0

008 - DATOS DE LONGITUD FIJA

  • campo de control de longitud fija: 260530|| aca||aabn | a|a d

040 ## - FUENTE DE LA CATALOGACIÓN

  • Centro catalogador/agencia de origen: FranzMayer
  • Centro/agencia transcriptor: FranzMayer

150 ## - ENCABEZAMIENTO--TÉRMINO DE MATERIA

  • Término de materia o nombre geográfico como elemento de entrada: Calvino, Italo
  • Subdivisión general: Historia
  • Subdivisión cronológica: Siglo XX
  • Subdivisión geográfica: México

670 ## - FUENTE DE DATOS ENCONTRADOS

  • Cita de la fuente: Work cat.: (FranzMayer)11457: Anda, Enrique X. de 1950 31236, La Bauhaus, Bruno Zevi, Italo Calvino y otros temas de la arquitectura mexicana del siglo XX